The world is flat / (Record no. 345315)

000 -LEADER
fixed length control field 00660 a2200193 4500
020 ## - INTERNATIONAL STANDARD BOOK NUMBER
International Standard Book Number 0374530483
020 ## - INTERNATIONAL STANDARD BOOK NUMBER
International Standard Book Number 9780374530488
090 ## - LOCALLY ASSIGNED LC-TYPE CALL NUMBER (OCLC); LOCAL CALL NUMBER (RLIN)
-- 2825
-- 2825
100 1# - MAIN ENTRY--PERSONAL NAME
Personal name Friedman, Thomas L.
245 14 - TITLE STATEMENT
Title The world is flat /
Statement of responsibility, etc. Thomas L. Friedman.
260 ## - PUBLICATION, DISTRIBUTION, ETC.
Place of publication, distribution, etc. [S.l.] :
Name of publisher, distributor, etc. Farrar. Straus and Giroux,
Date of publication, distribution, etc. 2006.
300 ## - PHYSICAL DESCRIPTION
Extent 600 p. ;
Dimensions 21 cm.
490 1# - SERIES STATEMENT
Series statement Updated and expanded.
500 ## - GENERAL NOTE
General note Paperback.
830 #0 - SERIES ADDED ENTRY--UNIFORM TITLE
Uniform title Updated and expanded.
856 40 - ELECTRONIC LOCATION AND ACCESS
Materials specified Amazon.com
Uniform Resource Identifier <a href="http://www.amazon.com/exec/obidos/ASIN/B000N0205K/chopaconline-20">http://www.amazon.com/exec/obidos/ASIN/B000N0205K/chopaconline-20</a>
856 40 - ELECTRONIC LOCATION AND ACCESS
Materials specified Amazon customer reviews
Uniform Resource Identifier <a href="http://www.chopac.org/cgi-bin/tools/azrev.pl?q=B000N0205K">http://www.chopac.org/cgi-bin/tools/azrev.pl?q=B000N0205K</a>
942 ## - ADDED ENTRY ELEMENTS (KOHA)
Institution code [OBSOLETE] NBS
Koha item type Book
Call number prefix 303.483 FRI
Holdings
Withdrawn status Lost status Source of classification or shelving scheme Damaged status Not for loan Permanent Location Current Location Date acquired Full call number Barcode Date last seen Price effective from Koha item type Public note
  Write Off       Central Library (CL) Central Library (CL) 08/28/2013 303.483 FRI NBS6984 08/28/2013 08/28/2013 Book Write off File No.0908/IRC/NBS Dated Aug 16, 2018
© 2023 Central Library, National University of Sciences and Technology. All Rights Reserved.